[Event "MNT-chT"]
[Site "Niksic"]
[Date "2016.08.14"]
[Round "9.2"]
[White "Popovic, Mladen"]
[Black "Drasko, Milan"]
[Result "1/2-1/2"]
[WhiteElo "2200"]
[BlackElo "2453"]
[PlyCount "63"]
[EventDate "2016.08.06"]
[EventType "team-tourn"]
[EventRounds "9"]
[EventCountry "MNE"]
[SourceTitle "CBM 173 Extra"]
[Source "ChessBase"]
[SourceDate "2016.08.29"]
[SourceVersion "1"]
[SourceVersionDate "2016.08.29"]
[SourceQuality "1"]

1. e4 e6 2. d4 d5 3. Nc3 Bb4 4. exd5 exd5 5. a3 Bxc3+ 6. bxc3 Ne7 7. Nf3 0-0 8. Be2 b6 9. 0-0 Re8 10. Ne5 f6 11. Nd3 Ng6 12. Bf3 Nc6 13. Nb4 Nce7 14. Re1 Bb7 15. c4 Qd7 16. cxd5 Nxd5 17. Nxd5 Rxe1+ 18. Qxe1 Bxd5 19. Bxd5+ Qxd5 20. c3 Kf7 21. g3 Re8 22. Be3 h5 23. Qe2 h4 24. Qa2 Ne7 25. Kf1 Qxa2 26. Rxa2 Nd5 27. Bd2 b5 28. a4 a6 29. axb5 axb5 30. Ra5 c6 31. Ra6 Re6 32. gxh4 1/2-1/2

[Event "MNT-chT"]
[Site "Niksic"]
[Date "2016.08.07"]
[Round "2.2"]
[White "Milanovic, Danilo"]
[Black "Popovic, Mladen"]
[Result "1-0"]
[WhiteElo "2496"]
[BlackElo "2200"]
[PlyCount "83"]
[EventDate "2016.08.06"]
[EventType "team-tourn"]
[EventRounds "9"]
[EventCountry "MNE"]
[SourceTitle "CBM 173 Extra"]
[Source "ChessBase"]
[SourceDate "2016.08.29"]
[SourceVersion "1"]
[SourceVersionDate "2016.08.29"]
[SourceQuality "1"]

1. d4 Nf6 2. c4 g6 3. Nc3 Bg7 4. e4 d6 5. f3 0-0 6. Bg5 c5 7. d5 a6 8. a4 Qa5 9. Ra3 e6 10. Qd2 exd5 11. cxd5 Re8 12. Nge2 Nbd7 13. Nc1 Qc7 14. Be2 Rb8 15. Be3 Ne5 16. 0-0 Bd7 17. a5 Ra8 18. h3 Bc8 19. N1a2 Nh5 20. f4 Nd7 21. Bxh5 gxh5 22. f5 Qd8 23. Nc1 Bf6 24. N1e2 Ne5 25. b3 Kh8 26. Nf4 h4 27. Nh5 Rg8 28. Na4 Bg5 29. Nb6 Rb8 30. Nc4 Bxe3+ 31. Qxe3 Qe7 32. Qh6 Qg5 33. Qxg5 Rxg5 34. Nxe5 dxe5 35. Nf6 Kg7 36. Ng4 f6 37. Rc1 h5 38. Ne3 Rg3 39. Kf2 Kh6 40. Rxc5 Kg5 41. Rc7 Kf4 42. b4 1-0

[Event "MNT-chT 1st League"]
[Site "Podgorica"]
[Date "2014.10.11"]
[Round "8.2"]
[White "Popovic, Mladen"]
[Black "Punin, Andrii"]
[Result "0-1"]
[WhiteElo "2146"]
[BlackElo "2241"]
[PlyCount "38"]
[EventDate "2014.08.29"]
[EventType "team-tourn"]
[EventRounds "9"]
[EventCountry "MNE"]
[SourceTitle "EXT 2018"]
[Source "ChessBase"]
[SourceDate "2017.10.13"]
[SourceVersion "1"]
[SourceVersionDate "2017.10.13"]
[SourceQuality "1"]
[WhiteTeam "Cetinje"]
[BlackTeam "Zeta"]
[WhiteTeamCountry "MNE"]
[BlackTeamCountry "MNE"]

1. e4 c6 2. d4 d5 3. exd5 cxd5 4. Bd3 Nc6 5. c3 Qc7 6. Qb3 Nxd4 7. Qxd5 e5 8. Bg5 Be6 9. Qe4 Nf6 10. Bxf6 gxf6 11. cxd4 Qc1+ 12. Ke2 0-0-0 13. Qe3 Qxb2+ 14. Qd2 Qxa1 15. Nf3 Qxa2 16. Rc1+ Kb8 17. Rc2 Qd5 18. Nc3 Qa5 19. Qe3 Rc8 0-1

[Event "MNT-chT 1st League"]
[Site "Podgorica"]
[Date "2014.10.10"]
[Round "7.2"]
[White "Benkovic, Petar"]
[Black "Popovic, Mladen"]
[Result "1-0"]
[WhiteElo "2418"]
[BlackElo "2146"]
[PlyCount "81"]
[EventDate "2014.08.29"]
[EventType "team-tourn"]
[EventRounds "9"]
[EventCountry "MNE"]
[SourceTitle "EXT 2018"]
[Source "ChessBase"]
[SourceDate "2017.10.13"]
[SourceVersion "1"]
[SourceVersionDate "2017.10.13"]
[SourceQuality "1"]
[WhiteTeam "Crnogorac"]
[BlackTeam "Cetinje"]
[WhiteTeamCountry "MNE"]
[BlackTeamCountry "MNE"]

1. Nf3 Nf6 2. c4 g6 3. Nc3 Bg7 4. e4 0-0 5. d4 d6 6. Be2 Bg4 7. Be3 Nfd7 8. Ng1 Bxe2 9. Ngxe2 Nc6 10. 0-0 e5 11. Rc1 Qh4 12. d5 Ne7 13. Qd2 h6 14. f4 f5 15. Rf3 exf4 16. Rxf4 Qf6 17. Rff1 Ne5 18. Nb5 Rac8 19. h3 a6 20. Nbd4 Kh7 21. Ne6 Rf7 22. Ng5+ hxg5 23. Bxg5 Nxc4 24. Rxc4 Qxb2 25. Qxb2 Bxb2 26. Rb4 Ba3 27. Rxb7 Bc5+ 28. Kh2 Kg7 29. Nf4 fxe4 30. Ne6+ Kg8 31. Rxf7 Kxf7 32. Nxc5 dxc5 33. d6 Nc6 34. d7 Rf8 35. Rxc7 Nd8 36. Rc8 Ke6 37. Rxd8 Rxd8 38. Bxd8 Kxd7 39. Ba5 Kc6 40. h4 Kb5 41. Be1 1-0

[Event "Belgrade Trophy 27th"]
[Site "Obrenovac"]
[Date "2013.11.26"]
[Round "3"]
[White "Cabrilo, Goran"]
[Black "Popovic, Mladen"]
[Result "1-0"]
[WhiteElo "2404"]
[BlackElo "2156"]
[PlyCount "49"]
[EventDate "2013.11.24"]
[EventType "swiss"]
[EventRounds "9"]
[EventCountry "SRB"]
[SourceTitle "CBM 157 Extra"]
[Source "ChessBase"]
[SourceDate "2013.12.19"]
[SourceVersion "1"]
[SourceVersionDate "2013.12.19"]
[SourceQuality "1"]

1. Nf3 d5 2. c4 d4 3. g3 Nc6 4. Bg2 e5 5. 0-0 Be7 6. d3 h5 7. b4 Bf6 8. b5 Nce7 9. h4 Nh6 10. Nbd2 g6 11. Ne4 Bg7 12. Bxh6 Rxh6 13. Qd2 Rh8 14. e3 dxe3 15. Qxe3 Nf5 16. Qe2 Nd4 17. Nxd4 Qxd4 18. Ng5 f6 19. Nf3 Qg4 20. Qe3 Kf7 21. Rfe1 Re8 22. d4 Kg8 23. dxe5 fxe5 24. Rac1 Bd7 25. Nxe5 1-0

[Event "Belgrade Trophy 27th"]
[Site "Obrenovac"]
[Date "2013.11.25"]
[Round "2"]
[White "Popovic, Mladen"]
[Black "Cvetkovic, Srdjan"]
[Result "1/2-1/2"]
[WhiteElo "2156"]
[BlackElo "2368"]
[PlyCount "45"]
[EventDate "2013.11.24"]
[EventType "swiss"]
[EventRounds "9"]
[EventCountry "SRB"]
[SourceTitle "CBM 157 Extra"]
[Source "ChessBase"]
[SourceDate "2013.12.19"]
[SourceVersion "1"]
[SourceVersionDate "2013.12.19"]
[SourceQuality "1"]

1. e4 c5 2. Nf3 e6 3. d4 cxd4 4. Nxd4 Nc6 5. Nc3 a6 6. Be2 d6 7. Be3 Nf6 8. Qd2 Be7 9. 0-0-0 0-0 10. Nb3 b5 11. f3 Ne5 12. Kb1 Bb7 13. Qd4 Rc8 14. a4 Nc6 15. Qb6 Qxb6 16. Bxb6 bxa4 17. Nxa4 Nd7 18. Bf2 Nb4 19. c3 Bc6 20. Nb6 Nxb6 21. Bxb6 Ba4 22. cxb4 Bxb3 23. Bxa6 1/2-1/2

[Event "MNT-chT1"]
[Site "Cetinje"]
[Date "2013.09.06"]
[Round "4"]
[White "Blagojevic, Savo"]
[Black "Popovic, Mladen"]
[Result "0-1"]
[WhiteElo "1928"]
[BlackElo "2142"]
[PlyCount "67"]
[EventDate "2013.08.30"]
[EventType "team-tourn"]
[EventRounds "9"]
[EventCountry "MNE"]
[SourceTitle "CBM 156 Extra"]
[Source "ChessBase"]
[SourceDate "2013.10.22"]
[SourceVersion "1"]
[SourceVersionDate "2013.10.22"]
[SourceQuality "1"]

1. d4 Nf6 2. Nc3 e6 3. a3 d5 4. Nf3 c5 5. e3 Nc6 6. Bb5 Bd7 7. 0-0 Bd6 8. Bxc6 bxc6 9. dxc5 Bxc5 10. Ne5 0-0 11. Nxd7 Qxd7 12. Qe1 e5 13. h3 e4 14. Qd1 Qf5 15. Ne2 Bd6 16. f4 exf3 17. Rxf3 Qe5 18. Ng3 Ne4 19. Nf1 Bc5 20. c3 f5 21. g3 Ng5 22. h4 Nxf3+ 23. Qxf3 f4 24. Qg4 fxe3 25. Bxe3 Bxe3+ 26. Kg2 Rf2+ 27. Kh3 h5 28. Qg6 Rf6 29. Qd3 Qe6+ 30. Kg2 Rf2+ 31. Kg1 Rxf1+ 32. Kxf1 Rf8+ 33. Ke1 Rf2 34. Qg6 0-1

[Event "MNT-chTA"]
[Site "Cetinje"]
[Date "2012.09.22"]
[Round "5"]
[White "Radovic, Milan"]
[Black "Popovic, Mladen"]
[Result "1/2-1/2"]
[WhiteElo "1916"]
[BlackElo "2157"]
[PlyCount "126"]
[EventDate "2012.09.07"]
[EventType "team-tourn"]
[EventRounds "9"]
[EventCountry "MNE"]
[SourceTitle "CBM 150 Extra"]
[Source "ChessBase"]
[SourceDate "2012.10.19"]
[SourceVersion "1"]
[SourceVersionDate "2012.10.19"]
[SourceQuality "1"]

1. c4 Nf6 2. g3 e5 3. Nc3 Nc6 4. Bg2 Bc5 5. e3 0-0 6. Nge2 d6 7. 0-0 Bg4 8. f3 Bf5 9. d4 exd4 10. exd4 Bb6 11. Be3 a6 12. a3 h6 13. Bf2 Ba7 14. b4 Qd7 15. Re1 Rfe8 16. Qd2 d5 17. c5 Nd8 18. a4 Ne6 19. b5 Ng5 20. Nf4 Rad8 21. h4 Ne6 22. Nd3 Bxd3 23. Qxd3 axb5 24. axb5 Bb8 25. Bh3 c6 26. b6 Nxc5 27. Rxe8+ Nxe8 28. Qf1 Ne6 29. Na4 Qe7 30. Bxe6 fxe6 31. Re1 Qf6 32. Qe2 Bd6 33. Qxe6+ Qxe6 34. Rxe6 Kf7 35. Re2 Bb4 36. Be1 Bxe1 37. Rxe1 Nd6 38. Kf2 Ra8 39. Nc5 Nf5 40. g4 Ra2+ 41. Re2 Rxe2+ 42. Kxe2 Nxd4+ 43. Ke3 Nc2+ 44. Kf2 Ke7 45. Nxb7 Kd7 46. Nc5+ Kc8 47. Ne6 g6 48. f4 d4 49. Ke2 Ne3 50. Nxd4 Nxg4 51. Nxc6 Kb7 52. Ne7 Kxb6 53. Nxg6 Kc5 54. Kf3 Nf6 55. f5 Kd6 56. Kf4 Nd5+ 57. Ke4 Nf6+ 58. Kd4 Ng4 59. Nf4 Nf6 60. h5 Ne8 61. Nd5 Ng7 62. f6 Ne6+ 63. Ke4 Ng5+ 1/2-1/2

[Event "MNT-chTA"]
[Site "Cetinje"]
[Date "2012.09.08"]
[Round "2"]
[White "Popovic, Mladen"]
[Black "Pecurica, Milos"]
[Result "1-0"]
[WhiteElo "2157"]
[BlackElo "2171"]
[PlyCount "93"]
[EventDate "2012.09.07"]
[EventType "team-tourn"]
[EventRounds "9"]
[EventCountry "MNE"]
[SourceTitle "CBM 150 Extra"]
[Source "ChessBase"]
[SourceDate "2012.10.19"]
[SourceVersion "1"]
[SourceVersionDate "2012.10.19"]
[SourceQuality "1"]

1. e4 e5 2. Nf3 Nc6 3. d4 exd4 4. Nxd4 Nf6 5. Nc3 Bb4 6. Nxc6 bxc6 7. Bd3 d5 8. exd5 cxd5 9. Qe2+ Qe7 10. Bb5+ Bd7 11. Bxd7+ Nxd7 12. Qxe7+ Kxe7 13. Bd2 Nb6 14. 0-0-0 Rhe8 15. Nb5 Bxd2+ 16. Rxd2 Kd7 17. b3 c6 18. Nd4 c5 19. Nf5 Re5 20. Ne3 Kc6 21. c3 a5 22. Rhd1 h5 23. g3 g5 24. Ng2 a4 25. f4 gxf4 26. Nxf4 axb3 27. axb3 c4 28. Kb2 Rb8 29. b4 Rd8 30. Ra1 h4 31. gxh4 Rh8 32. h5 Rf5 33. Rd4 Rg8 34. Rf1 Rg4 35. Kc2 Rh4 36. Ne2 Rhxh5 37. Rxf5 Rxf5 38. Rxc4+ Nxc4 39. Nd4+ Kd6 40. Nxf5+ Ke5 41. Nd4 Kf4 42. b5 Na5 43. Nc6 Nb7 44. Kd3 Kg4 45. Ne5+ Kh3 46. Nxf7 Kxh2 47. Kd4 1-0

[Event "MNT-ch sf"]
[Site "Cetinje"]
[Date "2012.06.29"]
[Round "6"]
[White "Cetkovic, Miodrag"]
[Black "Popovic, Mladen"]
[Result "0-1"]
[WhiteElo "2255"]
[BlackElo "2157"]
[PlyCount "70"]
[EventDate "2012.06.26"]
[EventType "swiss"]
[EventRounds "7"]
[EventCountry "MNE"]
[SourceTitle "EXT 2013"]
[Source "ChessBase"]
[SourceDate "2012.11.22"]
[SourceVersion "1"]
[SourceVersionDate "2012.11.22"]
[SourceQuality "1"]

1. e4 e6 2. Qe2 Nc6 3. Nf3 e5 4. Nc3 g6 5. d3 Bg7 6. Bg5 f6 7. Be3 d6 8. h3 Nge7 9. 0-0-0 0-0 10. g4 b5 11. Nxb5 Ba6 12. c4 Qd7 13. Nc3 Rab8 14. Rg1 Nd4 15. Bxd4 exd4 16. Nxd4 f5 17. Nb3 fxg4 18. d4 gxh3 19. Rh1 Qe6 20. Rxh3 Qf6 21. Rd2 Rb4 22. Qg4 Bc8 23. Qg3 Bxh3 24. Qxh3 h5 25. Kb1 Bh6 26. Rc2 Qf3 27. Qe6+ Rf7 28. Be2 Qxf2 29. c5 Qf6 30. Bc4 Rxc4 31. Qxc4 Qf1+ 32. Qxf1 Rxf1+ 33. Nc1 h4 34. N3e2 h3 35. Ng3 Rg1 0-1

[Event "Belgrade op"]
[Site "Belgrade"]
[Date "2009.11.24"]
[Round "1"]
[White "Popovic, Mladen"]
[Black "Djurovic, Dusan"]
[Result "1-0"]
[WhiteElo "2190"]
[BlackElo "1703"]
[PlyCount "30"]
[EventDate "2009.11.24"]
[EventType "swiss"]
[EventRounds "9"]
[EventCountry "YUG"]
[SourceTitle "CBM 133 Extra"]
[Source "ChessBase"]
[SourceDate "2010.01.05"]
[SourceVersion "1"]
[SourceVersionDate "2010.01.05"]
[SourceQuality "1"]

1. e4 e6 2. d4 a6 3. Nc3 Bb4 4. a3 Bxc3+ 5. bxc3 d5 6. e5 Nd7 7. Qg4 g6 8. h4 c5 9. h5 Ne7 10. hxg6 Nxg6 11. Bd3 Ndf8 12. Bh6 cxd4 13. cxd4 f5 14. Qh5 Qb6 15. Ne2 Bd7 1-0

[Event "EU-Cup 25th"]
[Site "Ohrid"]
[Date "2009.10.09"]
[Round "6.6"]
[White "Popovic, Mladen"]
[Black "Dambrauskas, Virginijus A"]
[Result "0-1"]
[WhiteElo "2196"]
[BlackElo "2346"]
[PlyCount "73"]
[EventDate "2009.10.04"]
[EventType "team-swiss"]
[EventRounds "7"]
[EventCountry "MKD"]
[SourceTitle "CBM 133"]
[Source "ChessBase"]
[SourceDate "2009.11.19"]
[SourceVersion "1"]
[SourceVersionDate "2009.11.19"]
[SourceQuality "1"]
[WhiteTeam "Podgorica Buducnost"]
[BlackTeam "Vilnius"]
[WhiteTeamCountry "YUG"]
[BlackTeamCountry "LTU"]

1. e4 c5 2. Nf3 e6 3. d4 cxd4 4. Nxd4 a6 5. Bd3 Qc7 6. Be3 Nf6 7. f4 Nc6 8. Nxc6 Qxc6 9. Nd2 Be7 10. Qf3 d6 11. 0-0 0-0 12. Bd4 e5 13. Bc3 b5 14. Kh1 Nd7 15. Qg3 Bf6 16. fxe5 Bxe5 17. Bxe5 dxe5 18. Nf3 f6 19. Nh4 Nc5 20. Rae1 Ra7 21. Rf2 Be6 22. a3 Rd7 23. h3 Kh8 24. Re3 Rfd8 25. Qf3 Rd6 26. Kh2 Qd7 27. Bf1 Rd4 28. Nf5 Bxf5 29. Qxf5 Nxe4 30. Rxe4 Qxf5 31. Rxd4 Qc8 32. Rd3 e4 33. Rc3 Qb8+ 34. g3 Qe5 35. Bg2 f5 36. h4 h6 37. Bh3 0-1

[Event "Cetinje Batricevic Memorial op"]
[Site "Cetinje"]
[Date "2009.08.15"]
[Round "7"]
[White "Pecurica, Milos"]
[Black "Popovic, Mladen"]
[Result "1/2-1/2"]
[WhiteElo "2010"]
[BlackElo "2190"]
[PlyCount "71"]
[EventDate "2009.08.09"]
[EventType "swiss"]
[EventRounds "9"]
[EventCountry "MNE"]
[SourceTitle "CBM 131 Extra"]
[Source "ChessBase"]
[SourceDate "2009.09.03"]
[SourceVersion "2"]
[SourceVersionDate "2009.09.16"]
[SourceQuality "1"]

1. d4 Nf6 2. c4 c5 3. d5 b5 4. cxb5 a6 5. bxa6 Bxa6 6. Nc3 d6 7. e4 Qa5 8. Bxa6 Nxa6 9. Qe2 g6 10. Nf3 Bg7 11. 0-0 0-0 12. Nd2 Rfb8 13. a4 Nd7 14. Nc4 Qb4 15. Bg5 Kf8 16. Nb5 Nb6 17. Nxb6 Rxb6 18. Rfb1 Qa5 19. Ra3 Rb7 20. Qg4 Qb4 21. Qh4 f6 22. Bh6 g5 23. Bxg7+ Kxg7 24. Qg4 Qd2 25. h4 Nb4 26. hxg5 fxg5 27. Rh3 Qf4 28. Qe6 Qf6 29. Qxf6+ Kxf6 30. Rxh7 Kg6 31. Rh3 Rxa4 32. Nc3 Ra8 33. Rg3 Kf6 34. Rf3+ Kg6 35. Nd1 Nc2 36. Rc3 1/2-1/2

[Event "Cetinje Batricevic Memorial op"]
[Site "Cetinje"]
[Date "2009.08.14"]
[Round "6"]
[White "Popovic, Mladen"]
[Black "Bogut, Zeljko"]
[Result "0-1"]
[WhiteElo "2190"]
[BlackElo "2451"]
[PlyCount "90"]
[EventDate "2009.08.09"]
[EventType "swiss"]
[EventRounds "9"]
[EventCountry "MNE"]
[SourceTitle "CBM 131 Extra"]
[Source "ChessBase"]
[SourceDate "2009.09.03"]
[SourceVersion "2"]
[SourceVersionDate "2009.09.16"]
[SourceQuality "1"]

1. e4 c5 2. Nf3 Nc6 3. d4 cxd4 4. Nxd4 Nf6 5. Nc3 e5 6. Ndb5 d6 7. Nd5 Nxd5 8. exd5 Nb8 9. c4 Be7 10. Be2 0-0 11. 0-0 a6 12. Nc3 f5 13. f4 Bf6 14. Kh1 Nd7 15. Be3 b6 16. Qc2 g6 17. a4 a5 18. Rab1 Nc5 19. b4 axb4 20. Rxb4 Bd7 21. Rfb1 exf4 22. Bxf4 Re8 23. Bf1 Ra6 24. Nb5 Bxb5 25. Rxb5 Bd4 26. Qd2 Qf6 27. Bg5 Qh8 28. Bd3 Bc3 29. Qc2 Qd4 30. Rxc5 bxc5 31. h3 Raa8 32. Rf1 Rab8 33. Bc1 Re1 34. Rxe1 Bxe1 35. Qe2 Qe5 36. Qf1 Re8 37. Bf4 Qf6 38. Qf3 Bc3 39. Qg3 Re1+ 40. Kh2 Qd4 41. Qf3 Qg1+ 42. Kg3 Be5 43. Be2 Bxf4+ 44. Kxf4 Qd4+ 45. Kg3 f4+ 0-1

[Event "Cetinje Batricevic Memorial op"]
[Site "Cetinje"]
[Date "2009.08.12"]
[Round "4"]
[White "Stojanovic, Dalibor"]
[Black "Popovic, Mladen"]
[Result "1/2-1/2"]
[WhiteElo "2471"]
[BlackElo "2190"]
[PlyCount "189"]
[EventDate "2009.08.09"]
[EventType "swiss"]
[EventRounds "9"]
[EventCountry "MNE"]
[SourceTitle "CBM 131 Extra"]
[Source "ChessBase"]
[SourceDate "2009.09.03"]
[SourceVersion "2"]
[SourceVersionDate "2009.09.16"]
[SourceQuality "1"]

1. e4 e6 2. d4 d5 3. Nd2 a6 4. Ngf3 Nf6 5. e5 Nfd7 6. Bd3 c5 7. c3 Nc6 8. 0-0 cxd4 9. cxd4 Qb6 10. Nb3 a5 11. a4 Nb4 12. Bb5 Be7 13. Bd2 0-0 14. Rc1 Nb8 15. Bxb4 Bxb4 16. Nc5 Bxc5 17. Rxc5 Bd7 18. Qd3 Qd8 19. Rfc1 Bc6 20. b3 h6 21. Qe2 Na6 22. Rxc6 bxc6 23. Bxa6 Qb6 24. Bd3 Qxb3 25. Bc2 Qa3 26. Qe3 Qb2 27. Ne1 Rfb8 28. Nd3 Qa2 29. Nc5 Rb4 30. Qd3 g6 31. Qe3 Rc4 32. Bb3 Rxc1+ 33. Qxc1 Qe2 34. g3 Rb8 35. Qc3 h5 36. h4 Rb4 37. Nd3 Qf3 38. Kf1 c5 39. dxc5 Qh1+ 40. Ke2 Re4+ 41. Kd2 Qf1 42. Bd1 Rc4 43. Qxa5 Rd4 44. Be2 Qa1 45. Qc3 Qxa4 46. Bd1 Qa2+ 47. Bc2 Rc4 48. Qb3 Qa5+ 49. Ke2 Qa1 50. Kd2 Qa5+ 51. Kd1 Qa1+ 52. Qb1 Qd4 53. Qb2 Rc3 54. Qb5 Rc4 55. c6 Qc3 56. Qb2 Qa5 57. Ke2 Rxc6 58. Ne1 Qc7 59. Bd3 Rc3 60. Kd2 Rc6 61. Nf3 Qa5+ 62. Ke2 Qc5 63. Qd2 Rb6 64. Kf1 Rc6 65. Kg2 Qc1 66. Qa5 Qc5 67. Qd8+ Qf8 68. Qg5 Qg7 69. Qf4 Rc3 70. Qd4 Rc8 71. Ng5 Qf8 72. Qa7 Ra8 73. Qd4 Qe7 74. Be2 Ra3 75. Qb2 Kg7 76. Nh3 Ra4 77. Nf4 Qb4 78. Qxb4 Rxb4 79. Bd3 Rb6 80. Kf3 Rc6 81. Ke3 Rb6 82. f3 Kh6 83. Nh3 Rb2 84. Nf4 Ra2 85. Ne2 Kg7 86. g4 hxg4 87. fxg4 Ra1 88. Kf4 Kh7 89. g5 Kg7 90. Kg3 Rd1 91. Nf4 Rg1+ 92. Kf3 Rh1 93. Kg3 Rg1+ 94. Ng2 Ra1 95. Nf4 1/2-1/2